[Event "95839 X. Rakosmente Open"]
[Site "Budapest, Hungary"]
[Date "2014.05.30"]
[Round "1.1"]
[White "Kovacs, Marton"]
[Black "Firnigel, Janos"]
[Result "1-0"]
[WhiteElo "2141"]
[BlackElo "1733"]
[PlyCount "45"]
[EventDate "2014.??.??"]

1. d4 Nf6 2. Nf3 g6 3. Bf4 Bg7 4. Nc3 d6 5. Qd2 O-O 6. Bh6 Bg4 7. O-O-O Re8 8.
e4 Bxf3 9. gxf3 Bh8 10. h4 Nbd7 11. h5 Nf8 12. hxg6 fxg6 13. f4 Bg7 14. f5 e6
15. Bxg7 Kxg7 16. fxg6 hxg6 17. e5 N6h7 18. Bd3 dxe5 19. Qh6+ Kg8 20. Bxg6 Re7
21. dxe5 Rd7 22. Bxh7+ Nxh7 23. Qxe6+ 1-0

[Event "95839 X. Rakosmente Open"]
[Site "Budapest, Hungary"]
[Date "2014.05.30"]
[Round "1.2"]
[White "Safar, Istvan"]
[Black "Repasi, Zoltan Sr"]
[Result "0-1"]
[WhiteElo "1728"]
[BlackElo "2128"]
[PlyCount "166"]
[EventDate "2014.??.??"]

1. d4 Nf6 2. Nf3 b6 3. g3 Bb7 4. Bg2 e6 5. O-O c5 6. c3 Be7 7. Re1 O-O 8. Bf4
d5 9. Nbd2 Nbd7 10. Ne5 Nh5 11. Nxd7 Qxd7 12. Be3 Rac8 13. f4 Nf6 14. Nf3 Ne4
15. Qb3 f6 16. Rad1 Bc6 17. Qc2 c4 18. Qb1 b5 19. a3 a5 20. Nd2 Nd6 21. Nf1 b4
22. axb4 axb4 23. Bd2 bxc3 24. Bxc3 f5 25. e3 Rb8 26. Qc1 Ba4 27. Rd2 Rb7 28.
Ree2 Rfb8 29. Qe1 Nb5 30. Qf2 Bd8 31. Re1 Nd6 32. Rc1 Bb3 33. Re2 Ra8 34. Qe1
Ra2 35. Nd2 Qa4 36. Nxb3 Rxb3 37. Rec2 Nb5 38. Qe2 Nxc3 39. bxc3 Rxc2 40. Rxc2
Qa1+ 41. Kf2 Ba5 42. Bf1 g6 43. h4 Bxc3 44. Ra2 Qxa2 45. Qxa2 Rb2+ 46. Qxb2
Bxb2 47. Ke2 Bc3 48. Bg2 Kg7 49. Bf3 Kf6 50. g4 Bb4 51. g5+ Kf7 52. h5 Ke8 53.
hxg6 hxg6 54. Kd1 Kd7 55. Kc2 Kc6 56. Bd1 Kb5 57. Be2 Be1 58. Bd1 Bb4 59. Be2
Ba5 60. Bf1 Kb4 61. Be2 Ka3 62. Bf1 Be1 63. Be2 Bf2 64. Bh5 Bxe3 65. Bxg6 Bxf4
66. Bf7 Bxg5 67. Bxe6 f4 68. Bxd5 Kb4 69. Bf3 Bf6 70. d5 Be5 71. Kc1 Kc5 72.
Kc2 Kd4 73. Kc1 Ke3 74. Bh1 f3 75. Bxf3 Kxf3 76. Kc2 Ke4 77. d6 Bxd6 78. Kc3
Kd5 79. Kc2 Kd4 80. Kc1 c3 81. Kc2 Kc4 82. Kc1 Kd3 83. Kd1 Bf4 0-1

[Event "95839 X. Rakosmente Open"]
[Site "Budapest, Hungary"]
[Date "2014.05.30"]
[Round "1.3"]
[White "Keszi, Janos"]
[Black "Csomor, Gabor"]
[Result "1-0"]
[WhiteElo "2092"]
[BlackElo "1714"]
[PlyCount "95"]
[EventDate "2014.??.??"]

1. d4 d5 2. Nf3 Nf6 3. Bg5 e6 4. e3 Nbd7 5. Bd3 Be7 6. Nbd2 O-O 7. O-O Re8 8.
Ne5 Nxe5 9. dxe5 Nd7 10. Bf4 Bg5 11. Qh5 h6 12. Bg3 Nf8 13. f4 Be7 14. Rae1 f5
15. exf6 Bxf6 16. c3 Qe7 17. Kh1 Qf7 18. Qe2 c5 19. e4 c4 20. Bb1 Bd7 21. e5
Be7 22. Qg4 Red8 23. Nf3 Be8 24. f5 Qh5 25. Qxh5 Bxh5 26. Nd4 exf5 27. Rxf5 Bg4
28. Rf4 Bh5 29. h3 Bg5 30. Rf5 Re8 31. h4 Be7 32. Rxh5 Bc5 33. Nb5 Re7 34. Rf5
Rae8 35. Ref1 Nd7 36. Nc7 Rc8 37. Nxd5 Re6 38. Rf7 Nf6 39. Rxg7+ Kxg7 40. exf6+
Kf7 41. Bf5 Rg8 42. Bxe6+ Kxe6 43. Nc7+ Kd7 44. Be5 Rf8 45. Rd1+ Kc6 46. Ne6
Re8 47. Nxc5 Kxc5 48. f7 1-0

[Event "95839 X. Rakosmente Open"]
[Site "Budapest, Hungary"]
[Date "2014.05.30"]
[Round "1.4"]
[White "Czimer, Jozsef"]
[Black "Torok, Tamas Titusz"]
[Result "0-1"]
[WhiteElo "1680"]
[BlackElo "2091"]
[PlyCount "68"]
[EventDate "2014.??.??"]

1. e4 d5 2. exd5 c6 3. Nf3 cxd5 4. d4 Nc6 5. c3 Nf6 6. Bd3 Bg4 7. Nbd2 e6 8.
Qa4 Bd6 9. Ne5 Qc7 10. Nxg4 Nxg4 11. h3 Nf6 12. Nf3 O-O 13. O-O h6 14. Re1 Rac8
15. Bd2 a6 16. b4 Nd7 17. Qb3 Rfe8 18. Rad1 b5 19. a4 bxa4 20. Qxa4 Nb6 21. Qa2
Ra8 22. Bxa6 Nc4 23. b5 Nb8 24. Ra1 Nd7 25. Qc2 Nf6 26. Bc1 Nd7 27. Nd2 Ndb6
28. Nb3 e5 29. dxe5 Bxe5 30. Kf1 Rad8 31. Nd4 Bxd4 32. Rxe8+ Rxe8 33. Bf4 Qxf4
34. cxd4 Ne3+ 0-1

[Event "95839 X. Rakosmente Open"]
[Site "Budapest, Hungary"]
[Date "2014.05.30"]
[Round "1.5"]
[White "Mihok, Laszlo"]
[Black "Kovacsy, Barnabas"]
[Result "1-0"]
[WhiteElo "2078"]
[BlackElo "1646"]
[PlyCount "45"]
[EventDate "2014.??.??"]

1. d4 Nf6 2. Bg5 Ne4 3. Bf4 c5 4. f3 Nf6 5. dxc5 Na6 6. e4 Nc7 7. Qd2 g6 8. Bc4
Bg7 9. Nc3 O-O 10. Nge2 b6 11. cxb6 axb6 12. O-O d6 13. Bh6 b5 14. Bxg7 Kxg7
15. Bb3 Bb7 16. Kh1 d5 17. exd5 Nfxd5 18. Rad1 Nf6 19. Qe3 Qe8 20. Qe5 Rc8 21.
a3 Kg8 22. Nd4 Ba6 23. Rfe1 1-0

[Event "95839 X. Rakosmente Open"]
[Site "Budapest, Hungary"]
[Date "2014.05.30"]
[Round "1.6"]
[White "Lakatos, Tamas"]
[Black "Molnar, Laszlo"]
[Result "0-1"]
[WhiteElo "1581"]
[BlackElo "2070"]
[PlyCount "86"]
[EventDate "2014.??.??"]

1. e4 Nf6 2. e5 Nd5 3. c4 Nb6 4. d4 d6 5. exd6 exd6 6. Nf3 Be7 7. Nc3 O-O 8.
Be2 Nc6 9. O-O Bg4 10. b3 Bf6 11. Be3 d5 12. c5 Nc8 13. Rc1 N8e7 14. Ne1 Bxe2
15. Nxe2 Nf5 16. Nc2 Re8 17. Qd2 g6 18. Rce1 Qd7 19. Ng3 h5 20. Nxf5 Qxf5 21.
Re2 h4 22. f3 Re7 23. Rfe1 Rae8 24. Bf2 h3 25. Rxe7 Nxe7 26. Bg3 hxg2 27. Kxg2
Kg7 28. Bxc7 Rh8 29. Bg3 Qh3+ 30. Kg1 Nf5 31. Qg2 Qh5 32. Qf2 Qg5 33. f4 Qh6
34. Re2 Qh5 35. Re1 Nxg3 36. Qxg3 Bh4 37. Qg2 Bxe1 38. Nxe1 Qd1 39. Kf1 Qxd4
40. Qf2 Qxf2+ 41. Kxf2 Rxh2+ 42. Ng2 Rh3 43. Ne3 d4 0-1

[Event "95839 X. Rakosmente Open"]
[Site "Budapest, Hungary"]
[Date "2014.05.30"]
[Round "1.7"]
[White "Pozsonyi, Istvan"]
[Black "Csiki, Endre"]
[Result "1-0"]
[WhiteElo "2016"]
[BlackElo "1532"]
[PlyCount "101"]
[EventDate "2014.??.??"]

1. c4 g6 2. g3 Bg7 3. Bg2 d6 4. Nc3 c5 5. Rb1 Nc6 6. Nf3 Nf6 7. O-O O-O 8. a3
Rb8 9. b4 b6 10. d3 Bb7 11. Bg5 Nd7 12. Nd5 h6 13. b5 hxg5 14. bxc6 Bxc6 15.
Qd2 e6 16. Ne3 Qe7 17. Ng4 f5 18. Ne3 g4 19. Nh4 Bxg2 20. Nexg2 Qf6 21. Nf4 g5
22. Nh5 Qe7 23. Ng6 Qd8 24. Nxg7 Kxg7 25. Nxf8 Nxf8 26. d4 Qf6 27. dxc5 dxc5
28. Rbd1 Rb7 29. Qd8 Qh6 30. Qd3 Kg6 31. f3 Rh7 32. Rf2 Kg7 33. fxg4 fxg4 34.
Rdf1 Qg6 35. Rxf8 Qxd3 36. exd3 Kg6 37. R1f6+ Kh5 38. R8f7 Rh8 39. Rxa7 e5 40.
Rxb6 e4 41. dxe4 Rh6 42. Rxh6+ Kxh6 43. Rf7 Kg6 44. Rf2 Kh5 45. e5 Kg6 46. e6
Kh6 47. e7 Kh7 48. e8=Q Kh6 49. Rf6+ Kg7 50. Qe7+ Kg8 51. Rf8# 1-0

[Event "95839 X. Rakosmente Open"]
[Site "Budapest, Hungary"]
[Date "2014.05.30"]
[Round "1.8"]
[White "Filep, Gyorgy Dr"]
[Black "Somogyi, Gabor"]
[Result "0-1"]
[WhiteElo "1494"]
[BlackElo "1984"]
[PlyCount "74"]
[EventDate "2014.??.??"]

1. e4 c6 2. d4 d5 3. f3 dxe4 4. fxe4 e5 5. Nf3 exd4 6. Qxd4 Qxd4 7. Nxd4 Nf6 8.
Bd3 Bc5 9. Nb3 Bb6 10. Nc3 O-O 11. Bf4 Be6 12. O-O-O Nbd7 13. Na4 Ng4 14. Nxb6
axb6 15. Rhf1 Rxa2 16. h3 Bxb3 17. cxb3 Nge5 18. Bb1 Ra1 19. Rd6 f6 20. Rfd1
Nc5 21. Bxe5 fxe5 22. Kc2 Nxe4 23. Rd8 Nc5 24. b4 Ne6 25. Rxf8+ Kxf8 26. Rd7
Nd4+ 27. Kc1 h6 28. Rxb7 e4 29. Rd7 Nb3+ 30. Kc2 e3 31. Rd1 e2 32. Re1 Nd4+ 33.
Kd3 c5 34. bxc5 bxc5 35. b4 Ne6 36. bxc5 Nf4+ 37. Ke3 Nxg2+ 0-1

[Event "95839 X. Rakosmente Open"]
[Site "Budapest, Hungary"]
[Date "2014.05.30"]
[Round "1.9"]
[White "Bodrogi, Laszlo"]
[Black "Makrai, Bence"]
[Result "1-0"]
[WhiteElo "1955"]
[BlackElo "1461"]
[PlyCount "67"]
[EventDate "2014.??.??"]

1. d4 e6 2. e4 d5 3. Nc3 dxe4 4. Nxe4 Nf6 5. Bg5 Be7 6. Bxf6 Bxf6 7. Nf3 Nc6 8.
Bb5 Qd5 9. Qd3 Bd7 10. c4 Qf5 11. Nxf6+ Qxf6 12. O-O-O O-O-O 13. Qa3 Qf4+ 14.
Kb1 Kb8 15. Rhe1 Qf5+ 16. Ka1 a6 17. Ba4 Qa5 18. Bc2 Qxa3 19. bxa3 h6 20. d5
Na5 21. Ne5 Be8 22. dxe6 Rxd1+ 23. Rxd1 Bc6 24. exf7 Rf8 25. f3 b5 26. c5 Kb7
27. Bb3 Nxb3+ 28. axb3 a5 29. Rd4 g5 30. Kb2 h5 31. Kc3 g4 32. fxg4 Bxg2 33. g5
Bh3 34. g6 1-0

[Event "95839 X. Rakosmente Open"]
[Site "Budapest, Hungary"]
[Date "2014.05.30"]
[Round "1.10"]
[White "Filep, Tibor"]
[Black "Yip, Michael"]
[Result "0-1"]
[WhiteElo "1380"]
[BlackElo "1925"]
[PlyCount "56"]
[EventDate "2014.??.??"]

1. e4 d5 2. exd5 Qxd5 3. Nc3 Qd6 4. d4 Nf6 5. Nf3 c6 6. Be3 Bg4 7. Bc4 e6 8.
O-O Nbd7 9. Qe2 Be7 10. a4 O-O 11. h3 Bh5 12. g4 Bg6 13. Rfd1 Nd5 14. Nxd5 exd5
15. Bd3 Bxd3 16. Qxd3 Rfe8 17. c3 Qc7 18. a5 Bd6 19. Re1 Nf6 20. Ne5 Bxe5 21.
dxe5 Rxe5 22. Bd4 Re6 23. b4 Ne4 24. Kg2 a6 25. f3 Qg3+ 26. Kf1 Qxh3+ 27. Kg1
Qg3+ 28. Kf1 Rae8 0-1

[Event "95839 X. Rakosmente Open"]
[Site "Budapest, Hungary"]
[Date "2014.05.30"]
[Round "1.11"]
[White "Daroczy, Sandor"]
[Black "Dawud, Savannah Rose"]
[Result "1-0"]
[WhiteElo "1924"]
[BlackElo "1224"]
[PlyCount "61"]
[EventDate "2014.??.??"]

1. e4 e5 2. Nf3 Nc6 3. Bb5 Bc5 4. O-O Nf6 5. c3 O-O 6. d4 exd4 7. e5 Nd5 8.
cxd4 Bb6 9. Nc3 Nce7 10. Bg5 Nxc3 11. bxc3 c6 12. Bd3 h6 13. Bh4 d6 14. Qe2 Re8
15. Qe4 g6 16. Qe3 Kh7 17. Bf6 Nd5 18. Bxd8 Nxe3 19. fxe3 Rxd8 20. exd6 Rxd6
21. Ne5 c5 22. Rxf7+ Kg8 23. Raf1 Be6 24. R7f6 g5 25. Rg6+ Kh8 26. Rxh6+ Kg7
27. Rg6+ Kh8 28. Nf7+ Bxf7 29. Rxd6 Bxa2 30. Ra1 Bb3 31. Rxb6 1-0

[Event "95839 X. Rakosmente Open"]
[Site "Budapest, Hungary"]
[Date "2014.05.30"]
[Round "1.12"]
[White "Szoukup, Istvan Jr"]
[Black "Wirth, Adam"]
[Result "0-1"]
[WhiteElo "1096"]
[BlackElo "1913"]
[PlyCount "28"]
[EventDate "2014.??.??"]

1. e4 c5 2. Nf3 Nc6 3. Bb5 g6 4. O-O Bg7 5. Bc4 e6 6. d3 Nge7 7. Nc3 O-O 8. b3
Bxc3 9. Rb1 d5 10. exd5 exd5 11. Bg5 dxc4 12. Bxe7 Qxe7 13. Qc1 Bg4 14. Re1
Bxe1 0-1

[Event "95839 X. Rakosmente Open"]
[Site "Budapest, Hungary"]
[Date "2014.05.31"]
[Round "2.1"]
[White "Yip, Michael"]
[Black "Kovacs, Marton"]
[Result "0-1"]
[WhiteElo "1925"]
[BlackElo "2141"]
[PlyCount "83"]
[EventDate "2014.??.??"]

1. d4 Nf6 2. c4 e6 3. Nc3 Bb4 4. e3 O-O 5. Nf3 b6 6. Bd3 Bb7 7. O-O d5 8. a3
Bxc3 9. bxc3 Nbd7 10. Bb2 Ne4 11. cxd5 exd5 12. Qe2 Re8 13. c4 Ng5 14. cxd5
Bxd5 15. Nd2 Nf6 16. f3 Bb7 17. Qf2 c5 18. Bb5 Rf8 19. dxc5 bxc5 20. Nc4 a6 21.
Ba4 Bxf3 22. Qh4 Ng4 23. Qg3 Be2 24. Rf4 h5 25. h3 Ne6 26. hxg4 Nxf4 27. Qxf4
Bxc4 28. Qxc4 Qd2 29. Bc3 Qxe3+ 30. Kh1 hxg4 31. Re1 Qh6+ 32. Kg1 g3 33. Qe4
Rad8 34. Bc6 Rd6 35. Bd5 Rfd8 36. Bb3 Qh2+ 37. Kf1 Qh1+ 38. Ke2 Qh5+ 39. Kf1
Qh1+ 40. Ke2 Qh5+ 41. Kf1 Rd3 42. Qe2 0-1

[Event "95839 X. Rakosmente Open"]
[Site "Budapest, Hungary"]
[Date "2014.05.31"]
[Round "2.2"]
[White "Repasi, Zoltan Sr"]
[Black "Daroczy, Sandor"]
[Result "1/2-1/2"]
[WhiteElo "2128"]
[BlackElo "1924"]
[PlyCount "39"]
[EventDate "2014.??.??"]

1. e4 e6 2. d4 d5 3. Nd2 Nf6 4. e5 Nfd7 5. Bd3 c5 6. c3 Nc6 7. Ndf3 cxd4 8.
cxd4 f6 9. exf6 Nxf6 10. Ne2 Bd6 11. O-O Qc7 12. Bg5 O-O 13. Bh4 Bd7 14. Bg3
Rae8 15. Rc1 Qb8 16. Bb1 e5 17. dxe5 Nxe5 18. Nxe5 Bxe5 19. Nd4 Bxg3 20. hxg3
1/2-1/2

[Event "95839 X. Rakosmente Open"]
[Site "Budapest, Hungary"]
[Date "2014.05.31"]
[Round "2.3"]
[White "Wirth, Adam"]
[Black "Keszi, Janos"]
[Result "1/2-1/2"]
[WhiteElo "1913"]
[BlackElo "2092"]
[PlyCount "95"]
[EventDate "2014.??.??"]

1. e4 c5 2. Nf3 d6 3. Bb5+ Bd7 4. Bxd7+ Qxd7 5. O-O Nc6 6. c3 Nf6 7. Re1 e6 8.
d4 cxd4 9. cxd4 d5 10. e5 Ne4 11. Nbd2 Nxd2 12. Bxd2 Bb4 13. Rc1 Bxd2 14. Qxd2
O-O 15. Rc2 Rac8 16. Rec1 h6 17. h3 Qc7 18. Rc5 Qb6 19. R1c3 a6 20. Qc1 Rce8
21. Rb3 Qc7 22. Rbc3 Qe7 23. Qe3 f6 24. a3 Qf7 25. Rc2 Qg6 26. exf6 gxf6 27.
R5c3 Kh7 28. Qd3 Rg8 29. Qxg6+ Kxg6 30. Re2 Kf7 31. Kf1 e5 32. dxe5 fxe5 33.
Rc5 e4 34. Ne1 Ke6 35. f3 Kd6 36. Rc1 exf3 37. Rxe8 fxg2+ 38. Nxg2 Rxe8 39. Rd1
Re4 40. Kf2 d4 41. Kf3 Re7 42. Nf4 Re3+ 43. Kg4 b6 44. h4 Re5 45. Nd3 h5+ 46.
Kf4 Re2 47. Kg5 Rh2 48. Kxh5 1/2-1/2

[Event "95839 X. Rakosmente Open"]
[Site "Budapest, Hungary"]
[Date "2014.05.31"]
[Round "2.4"]
[White "Torok, Tamas Titusz"]
[Black "Fodor, Balazs"]
[Result "1-0"]
[WhiteElo "2091"]
[BlackElo "1899"]
[PlyCount "65"]
[EventDate "2014.??.??"]

1. e4 c6 2. c4 e6 3. d4 d5 4. Nc3 Bb4 5. e5 dxc4 6. Bxc4 Ne7 7. Nge2 Ng6 8. O-O
b6 9. a3 Be7 10. f4 Nh4 11. Bd3 g6 12. Be3 Bb7 13. Be4 Nf5 14. Bf2 Nd7 15. Rc1
Rc8 16. Nb5 cxb5 17. Bxb7 Rxc1 18. Qxc1 b4 19. g4 Ng7 20. axb4 Bxb4 21. Qc4 a5
22. Rd1 O-O 23. Bf3 Qb8 24. Rc1 Qd8 25. Qc7 Nb8 26. d5 Bc5 27. Qxd8 Bxf2+ 28.
Kxf2 Rxd8 29. d6 Ne8 30. Nd4 Kg7 31. Nc6 Rc8 32. Nxb8 Rxb8 33. d7 1-0

[Event "95839 X. Rakosmente Open"]
[Site "Budapest, Hungary"]
[Date "2014.05.31"]
[Round "2.5"]
[White "Szendeff, Miklos"]
[Black "Mihok, Laszlo"]
[Result "0-1"]
[WhiteElo "1869"]
[BlackElo "2078"]
[PlyCount "114"]
[EventDate "2014.??.??"]

1. e4 e5 2. f4 exf4 3. Nf3 Be7 4. h4 Nf6 5. Nc3 d6 6. d4 Nh5 7. Ne2 Bg4 8. Qd3
Bxf3 9. Qxf3 Bxh4+ 10. Kd1 Ng3 11. Nxg3 fxg3 12. Bc4 Bf6 13. Bg5 Nc6 14. Bxf6
Qxf6 15. Qxf6 gxf6 16. c3 Ke7 17. Ke2 Rag8 18. Raf1 Rg7 19. Rh6 Rg6 20. Rfh1
Rg7 21. Kf3 Nb8 22. R1h3 Nd7 23. Rxg3 Rxg3+ 24. Kxg3 Rg8+ 25. Kf3 Nf8 26. g3
Rg7 27. Bf1 Ne6 28. d5 Ng5+ 29. Kf4 c6 30. c4 Rg8 31. Be2 Rg6 32. Rh2 Rg8 33.
Rh6 Re8 34. Bd3 Rg8 35. b3 Rg6 36. Rh2 Kf8 37. Ke3 Rg8 38. Be2 Kg7 39. Bg4 Re8
40. Bf5 Re7 41. Kf4 cxd5 42. exd5 b6 43. b4 Re5 44. a4 h6 45. Rf2 Re1 46. Kg4
Rd1 47. Rc2 Rd4+ 48. Kh5 Nf3 49. a5 Ne5 50. axb6 axb6 51. c5 bxc5 52. bxc5 Rxd5
53. cxd6 Rxd6 54. Kh4 Rd4+ 55. Kh3 h5 56. Kg2 Ng4 57. Rc7 Ne3+ 0-1

[Event "95839 X. Rakosmente Open"]
[Site "Budapest, Hungary"]
[Date "2014.05.31"]
[Round "2.6"]
[White "Molnar, Laszlo"]
[Black "Horvath, Csaba"]
[Result "1-0"]
[WhiteElo "2070"]
[BlackElo "1845"]
[PlyCount "67"]
[EventDate "2014.??.??"]

1. e4 c5 2. Nf3 e6 3. b3 d6 4. Bb2 Nf6 5. e5 dxe5 6. Nxe5 Be7 7. Bd3 Nbd7 8. f4
Nd5 9. O-O Bf6 10. Na3 Nxf4 11. Nxf7 Kxf7 12. Rxf4 g6 13. Qf3 Kg7 14. Bxf6+
Nxf6 15. Rf1 Rf8 16. Nc4 Qd5 17. Be4 Qd4+ 18. Kh1 g5 19. Bxb7 Bxb7 20. Qxb7+
Qd7 21. Qxd7+ Nxd7 22. Rxf8 Nxf8 23. Ne5 Rd8 24. d3 Rd5 25. Re1 Kf6 26. Ng4+
Kg7 27. Re5 Ng6 28. Rxe6 Rf5 29. Kg1 Nf4 30. Re5 Rf7 31. g3 Nh3+ 32. Kg2 h5 33.
Kxh3 Kg6 34. Rxc5 1-0

[Event "95839 X. Rakosmente Open"]
[Site "Budapest, Hungary"]
[Date "2014.05.31"]
[Round "2.7"]
[White "Szoukup, Helga"]
[Black "Pozsonyi, Istvan"]
[Result "1-0"]
[WhiteElo "1844"]
[BlackElo "2016"]
[PlyCount "59"]
[EventDate "2014.??.??"]

1. e4 c5 2. Nf3 d6 3. d4 cxd4 4. Nxd4 Nf6 5. Nc3 a6 6. Be2 e6 7. Bf3 Be7 8. O-O
Qc7 9. a4 Nc6 10. Nxc6 bxc6 11. a5 O-O 12. Be3 Nd7 13. Na4 c5 14. Be2 Bb7 15.
f3 d5 16. exd5 exd5 17. Qd2 Bd6 18. h3 Rfe8 19. Kh1 Re6 20. Bd3 Rae8 21. Rae1
Bg3 22. Bf2 Bf4 23. Rxe6 Rxe6 24. Qc3 d4 25. Qb3 Rh6 26. Bc4 Rxh3+ 27. gxh3
Bxf3+ 28. Qxf3 g5 29. Bg3 Ne5 30. Bxf4 1-0

[Event "95839 X. Rakosmente Open"]
[Site "Budapest, Hungary"]
[Date "2014.05.31"]
[Round "2.8"]
[White "Somogyi, Gabor"]
[Black "Di Giovanni, Vilmos"]
[Result "1/2-1/2"]
[WhiteElo "1984"]
[BlackElo "1795"]
[PlyCount "49"]
[EventDate "2014.??.??"]

1. e4 d5 2. exd5 Nf6 3. d4 Nxd5 4. Nf3 g6 5. Bc4 Bg7 6. O-O O-O 7. c3 Nc6 8.
Na3 a6 9. Nc2 Nb6 10. Be2 e5 11. dxe5 Nxe5 12. Bf4 Nxf3+ 13. Bxf3 Qxd1 14.
Raxd1 c6 15. Nd4 Nc4 16. b3 Ne5 17. Be4 f5 18. Bb1 Re8 19. Rfe1 Kf7 20. Kf1 c5
21. Nc2 Nc6 22. Rxe8 Kxe8 23. c4 Be6 24. Bd6 Bf8 25. Bxf8 1/2-1/2

[Event "95839 X. Rakosmente Open"]
[Site "Budapest, Hungary"]
[Date "2014.05.31"]
[Round "2.9"]
[White "Szoukup, Istvan"]
[Black "Bodrogi, Laszlo"]
[Result "0-1"]
[WhiteElo "1792"]
[BlackElo "1955"]
[PlyCount "54"]
[EventDate "2014.??.??"]

1. e4 e6 2. d4 d5 3. Nc3 Bb4 4. e5 Ne7 5. a3 Bxc3+ 6. bxc3 c5 7. Bb5+ Bd7 8.
Bxd7+ Qxd7 9. Nf3 Nbc6 10. O-O Rc8 11. a4 b6 12. Re1 Na5 13. Ng5 h6 14. Nf3 Ng6
15. Nd2 Nc4 16. Nb3 a5 17. Nd2 O-O 18. Nxc4 dxc4 19. Ba3 Rfd8 20. Re4 Qxa4 21.
Bxc5 Qc6 22. Bxb6 Qxe4 23. Bxd8 Rxd8 24. Rxa5 Nf4 25. f3 Qe3+ 26. Kf1 Qxc3 27.
g3 Qxa5 0-1

[Event "95839 X. Rakosmente Open"]
[Site "Budapest, Hungary"]
[Date "2014.05.31"]
[Round "2.11"]
[White "Makrai, Bence"]
[Black "Safar, Istvan"]
[Result "0-1"]
[WhiteElo "1461"]
[BlackElo "1728"]
[PlyCount "88"]
[EventDate "2014.??.??"]

1. e4 c5 2. Nf3 Nc6 3. Bb5 g6 4. d4 Bg7 5. Be3 cxd4 6. Nxd4 Nf6 7. Nc3 O-O 8.
O-O a6 9. Be2 d6 10. Nxc6 bxc6 11. Qd2 Re8 12. Bh6 Bh8 13. Rad1 Ng4 14. Bf4 Ne5
15. Be3 Bb7 16. f4 Nd7 17. Bd4 Nf6 18. Bc4 c5 19. Bxf6 Bxf6 20. e5 Bg7 21. Bd5
Qc7 22. e6 fxe6 23. Bxe6+ Kh8 24. Nd5 Qd8 25. c4 Rb8 26. b3 a5 27. f5 Bxd5 28.
Qxd5 g5 29. Rd3 Bf6 30. Rh3 Kg7 31. Rh5 Rh8 32. Rf3 Qe8 33. g4 a4 34. h4 h6 35.
hxg5 hxg5 36. Rfh3 Rxh5 37. gxh5 axb3 38. h6+ Kh7 39. axb3 Ra8 40. Kg2 Ra2+ 41.
Kf3 Ra3 42. Kg4 Ra1 43. Bf7 Qf8 44. Bg6+ Kh8 0-1

[Event "95839 X. Rakosmente Open"]
[Site "Budapest, Hungary"]
[Date "2014.05.31"]
[Round "2.12"]
[White "Csomor, Gabor"]
[Black "Szoukup, Istvan Jr"]
[Result "1-0"]
[WhiteElo "1714"]
[BlackElo "1096"]
[PlyCount "53"]
[EventDate "2014.??.??"]

1. c4 c5 2. Nf3 Nc6 3. Nc3 b6 4. g3 Bb7 5. Bg2 Nf6 6. O-O g6 7. d3 Bg7 8. a3 d6
9. Bg5 h6 10. Bxf6 Bxf6 11. Rb1 Nd4 12. Nxd4 Bxg2 13. Qa4+ Qd7 14. Qxd7+ Kxd7
15. Kxg2 Bxd4 16. Nb5 a6 17. Nxd4 cxd4 18. f4 e5 19. fxe5 Rae8 20. Rxf7+ Re7
21. Rxe7+ Kxe7 22. exd6+ Kxd6 23. Rf1 Ke5 24. Rf7 Re8 25. Kf2 Ke6 26. Rf4 Ke5
27. Re4+ 1-0

[Event "95839 X. Rakosmente Open"]
[Site "Budapest, Hungary"]
[Date "2014.05.31"]
[Round "2.13"]
[White "Dawud, Savannah Rose"]
[Black "Czimer, Jozsef"]
[Result "1/2-1/2"]
[WhiteElo "1224"]
[BlackElo "1680"]
[PlyCount "107"]
[EventDate "2014.??.??"]

1. e4 c5 2. Nf3 d6 3. d4 cxd4 4. Nxd4 Nf6 5. Nc3 a6 6. Bg5 e6 7. Bd3 Be7 8. O-O
Qc7 9. f4 Nbd7 10. f5 Ne5 11. Nf3 Qc5+ 12. Kh1 O-O 13. Nxe5 dxe5 14. h3 b5 15.
a3 Bb7 16. Qf3 Kh8 17. Ne2 Rad8 18. Rad1 Qc7 19. h4 exf5 20. Qxf5 Bc8 21. Qf3
Bg4 22. Qg3 Bxe2 23. Bxf6 Bxf6 24. Bxe2 Qxc2 25. Rxd8 Rxd8 26. Bh5 Qxe4 27.
Bxf7 Bxh4 28. Qc3 Qe2 29. Qc1 Bg3 30. Kg1 Bf4 31. Qc7 Qe3+ 32. Kh1 Bg5 33. Bd5
h6 34. Rf7 Qc1+ 35. Qxc1 Bxc1 36. Be4 Bxb2 37. Ra7 Bxa3 38. Rxa6 b4 39. Ra5 Bb2
40. Rb5 Bc3 41. Kh2 Kg8 42. Kg3 Kf7 43. Rb7+ Kg8 44. Kg4 Rd4 45. Kf3 g5 46. g4
Kf8 47. Rb5 Rd2 48. Ke3 Rd1 49. Ke2 Re1+ 50. Kf3 Bd2 51. Rxe5 Re3+ 52. Kf2 b3
53. Rb5 Ke7 54. Bb1 1/2-1/2

[Event "95839 X. Rakosmente Open"]
[Site "Budapest, Hungary"]
[Date "2014.05.31"]
[Round "3.1"]
[White "Kovacs, Marton"]
[Black "Molnar, Laszlo"]
[Result "1-0"]
[WhiteElo "2141"]
[BlackElo "2070"]
[PlyCount "63"]
[EventDate "2014.??.??"]

1. d4 g6 2. Nf3 Bg7 3. Bf4 d6 4. Nc3 a6 5. e4 b5 6. a4 b4 7. Nd5 a5 8. c3 e6 9.
Ne3 Bb7 10. e5 bxc3 11. bxc3 Bxf3 12. Qxf3 d5 13. c4 c6 14. cxd5 cxd5 15. Bb5+
Kf8 16. Nc4 Na6 17. Nd6 f5 18. Rc1 Nb4 19. O-O Bh6 20. Rc5 Qh4 21. g3 Qh5 22.
Bxh6+ Nxh6 23. Qc3 Nf7 24. Rc8+ Rxc8 25. Qxc8+ Kg7 26. Qc7 Rf8 27. Nxf7 Rxf7
28. Qxa5 f4 29. Qxb4 Qh3 30. Rc1 Rf5 31. Qe7+ Kh6 32. Qh4+ 1-0

[Event "95839 X. Rakosmente Open"]
[Site "Budapest, Hungary"]
[Date "2014.05.31"]
[Round "3.2"]
[White "Bodrogi, Laszlo"]
[Black "Torok, Tamas Titusz"]
[Result "1-0"]
[WhiteElo "1955"]
[BlackElo "2091"]
[PlyCount "39"]
[EventDate "2014.??.??"]

1. d4 Nf6 2. c4 g6 3. Nc3 Bg7 4. e4 d6 5. f3 O-O 6. Bg5 h6 7. Be3 e5 8. d5 c6
9. dxc6 bxc6 10. Qd2 Qa5 11. O-O-O Be6 12. Bxh6 Bxh6 13. Qxh6 d5 14. exd5 cxd5
15. Bd3 e4 16. fxe4 dxc4 17. Be2 Nc6 18. h4 Ng4 19. Bxg4 Bxg4 20. Rd5 1-0

[Event "95839 X. Rakosmente Open"]
[Site "Budapest, Hungary"]
[Date "2014.05.31"]
[Round "3.3"]
[White "Mihok, Laszlo"]
[Black "Szoukup, Helga"]
[Result "1-0"]
[WhiteElo "2078"]
[BlackElo "1844"]
[PlyCount "79"]
[EventDate "2014.??.??"]

1. d4 Nf6 2. Bg5 g6 3. Bxf6 exf6 4. c4 d5 5. cxd5 Qxd5 6. Nc3 Qa5 7. e3 Bb4 8.
Nge2 f5 9. a3 Bxc3+ 10. Nxc3 c6 11. b4 Qd8 12. Bc4 Qf6 13. O-O Be6 14. Be2 Nd7
15. Rc1 Rc8 16. d5 cxd5 17. Ne4 fxe4 18. Rxc8+ Ke7 19. Rc7 Rb8 20. Bb5 Kd8 21.
Rxd7+ Bxd7 22. Qxd5 Qe6 23. Rd1 a6 24. Qxe6 fxe6 25. Bxd7 Ke7 26. Ba4 Rc8 27.
Rd7+ Kf6 28. Kf1 Rc1+ 29. Bd1 Ra1 30. a4 Rb1 31. Ke1 Rxb4 32. Rxh7 a5 33. h4
Rb1 34. g4 b5 35. axb5 Rxb5 36. Bc2 g5 37. h5 Rb2 38. Bxe4 a4 39. Ra7 Rb4 40.
f3 1-0

[Event "95839 X. Rakosmente Open"]
[Site "Budapest, Hungary"]
[Date "2014.05.31"]
[Round "3.4"]
[White "Di Giovanni, Vilmos"]
[Black "Repasi, Zoltan Sr"]
[Result "0-1"]
[WhiteElo "1795"]
[BlackElo "2128"]
[PlyCount "73"]
[EventDate "2014.??.??"]

1. d4 Nf6 2. Nf3 g6 3. Bf4 Bg7 4. e3 c5 5. c3 cxd4 6. exd4 O-O 7. Nbd2 d6 8. h3
b6 9. Be2 Bb7 10. O-O Nbd7 11. a4 Re8 12. Qb3 e5 13. dxe5 dxe5 14. Be3 e4 15.
Nd4 Nc5 16. Qc2 Nd5 17. Bc4 Nxe3 18. fxe3 Bd5 19. Bb5 Re5 20. Nc6 Qg5 21. Rae1
Re6 22. Nd4 Rf6 23. Rxf6 Bxf6 24. Nf1 a6 25. Bc6 Nd3 26. Re2 Bxc6 27. Nxc6 Rc8
28. Nd4 Qd5 29. Qd1 Be5 30. Rd2 b5 31. axb5 axb5 32. Rc2 f5 33. Ne2 Qb3 34. Nf4
Bxf4 35. exf4 b4 36. Qd2 Kg7 37. Kh2 0-1